000 00285nam a2200121Ia 4500
008 190216s9999||||xx |||||||||||||| ||und||
100 _aAnnapurna Sircar
245 0 _aChaos & Physical Reality
260 _bSarat Book Distributors
300 _a181
650 _aPhysics
942 _cBK
999 _c34177
_d34177